000 00761nam a2200229Ii 4500
003 JO-AjNU
008 230605s9999||||xx |||||||||||||| ||und||
017 _a2003/6/1043
020 _a9957-433-05-9
040 _aJO-AjNU
_bara
_erda
_cJO-AjNU
041 _aara
050 1 4 _aPJ6847 2003
100 3 _aإعداد محمد، كفاح ؛ نسرين الخطيب,
_eauthor
_920141
245 0 0 _aأمثال عربية وشعبية: إسم ومعنى ، مواقفلا وطرائف
250 _aط1
264 3 1 _aعمان: حضارة للنشر، 2003
300 _a96ص
336 _atext
_btxt
_2rdacontent
337 _aunmediated
_bn
_2rdamedia
338 _avolume
_bnc
_2rdacarrier
650 4 _aاللغة العربية - أمثال شعبية
_920142
999 _aA6775
_c10343
_d10343